Score 0/14 Timer 02:00
0 Plays Today
Clue 4-Letter Word % Correct
Summer month in northern hemisphereJUNE
97.2%
There are 5280 of these in a mileFEET
94.9%
Deep-red root vegetableBEET
94.1%
One of two stacked single bedsBUNK
93.8%
Secondhand or discarded articlesJUNK
91.2%
'___ out of shape'BENT
87.7%
Push a baseball lightly and swinglesslyBUNT
87.1%
Clue 4-Letter Word % Correct
The Beatles' 'Penny ___'LANE
87.1%
With [Rung 1] and [Rung 14], 'The Nine Days Queen' of England★ JANE ★
82.2%
A ridge on the fingerboard of a guitarFRET
78.4%
To put cargo on a shipLADE
55.2%
With [Rung 4] and [Rung 14], 'The Nine Days Queen' of England★ LADY ★
53.4%
Glenn of rock's 'The Eagles'FREY
52.6%
With [Rung 1] and [Rung 4], 'The Nine Days Queen' of England★ GREY ★
47.6%

Today's Daily Dose

Remove Ads.
Support Sporcle.
Get the best of Sporcle when you Go Orange. This ad-free experience offers more features, more stats, and more fun while also helping to support Sporcle. Thank you for becoming a member.

You're not logged in!

Compare scores with friends on all Sporcle quizzes.
OR
Log In

Show Comments

Extras

Top Quizzes Today


Score Distribution

Your Account Isn't Verified!

In order to create a playlist on Sporcle, you need to verify the email address you used during registration. Go to your Sporcle Settings to finish the process.

Report this User

Report this user for behavior that violates our Community Guidelines.

Details: